00908nam a2200205 a 450000100100000000500170001000800410002704000250006808200130009310000350010624501150014126000380025630000200029449000410031470000350035571000780039083000480046895201690051699900170068500004612620240316073902.0150624s2002 dr 000 0 spa d aDO-SdBNPbspacBNPHU axxxbxxx1 aEmeterio Rondón, Pura91886110aManuel del Cabral :búnico y diverso antología mínima /cPura Emeterio Rondón, Tomás Castro Burdiez. aSanto Domingo :bEDUCARTE,c2002. a28 p. ;c22 cm.1 aCuadernos educativos y culturalesv6 2aCastro, Tomás,d1959-9246411 aFundación para la Educación y el Arte (República Dominicana)920186 0aCuadernos educativos y culturalesv6955465 0010718PDaPDbPDcHDd2015-06-24iLF1l0oxxx xxxp46126-10r2020-06-25w2020-06-25yLFPDzPerteneció a la biblioteca personal de Chiqui Vicioso.ZNo se presta c45615d45615